Ochrana proti povodniam v roku 2015
Hlavným účelom novely zákona o ochrane pred povodňami bolo zabezpečiť úplnú transpozíciu Smernice Európskeho parlamentu a Rady 2007/60/ES z 23. októbra 2007 o hodnotení a manažmente povodňových rizík do slovenských právnych predpisov. Úplná a čiastočná ochrana.
Na minha lista:
| Autor principal: | |
|---|---|
| Formato: | Capítulo de Livro |
| Idioma: | eslovaco |
| Assuntos: | |
| Tags: |
Sem tags, seja o primeiro a adicionar uma tag!
|
MARC
| LEADER | 00000nla a2200000 4500 | ||
|---|---|---|---|
| 001 | 0207039 | ||
| 005 | 20240502073435.6 | ||
| 041 | 0 | |a slo | |
| 044 | |a SK | ||
| 245 | 1 | 0 | |a Ochrana proti povodniam v roku 2015 |c Juraj Válek |
| 520 | |a Hlavným účelom novely zákona o ochrane pred povodňami bolo zabezpečiť úplnú transpozíciu Smernice Európskeho parlamentu a Rady 2007/60/ES z 23. októbra 2007 o hodnotení a manažmente povodňových rizík do slovenských právnych predpisov. Úplná a čiastočná ochrana. | ||
| 610 | 2 | 0 | |a povodne |
| 610 | 2 | 0 | |a ochrana protipovodňová |
| 610 | 2 | 0 | |a úpravy právne |
| 100 | 1 | |a Válek, Juraj, 1981- | |